01077nam a22002177a 4500999001700000020001800017041001300035082002100048245009500069260004400164300001400208440004200222504001900264520033300283546001300616650003200629650002600661700002900687942001200716952013100728 c37567d37567 a9781349959921 aEnglish. a305.420954bWOM- aWomen, political struggles and gender equality in South Asia / cedited by Margaret Alston aNew York :bPalgrave Macmillan, c2020. axi, 260p. aGender, development and social change aInclude index. aA brutal gang-rape of a young woman in India in 2012 caused a global outcry against rising brutal violence against women. In response to the young woman's death and the protests that followed, the contributors analyze the position of women in South Asia, the issue of violence, women's political activism and gender inequalities aEnglish. aWomen's rightszSouth Asia. aEqualityzSouth Asia. aAlston, Margareteeditor 2ddccBK 00104070aNASSDOCbNASSDOCd2023-03-16eOverseasg0.00l0o305.420954 WOM-p53290r2023-05-10 00:00:00v0.00w2023-05-10yBK